| 000 | nam a22 a 4500 | ||
|---|---|---|---|
| 999 |
_c1566 _d1566 |
||
| 005 | 20170511092439.0 | ||
| 008 | 170511s1985 - |b 001 | eng d | ||
| 020 | _a0813300584 | ||
| 040 | _aAKMAL | ||
| 082 | _a322.1095 YAS | ||
| 090 |
_a322.1095 _bYAS |
||
| 100 | 1 |
_aAl-Yassini, Ayman. _93165 |
|
| 245 |
_a Religion and state in the kingdom of Saudi Arabia _cAyman Al-Yassini. |
||
| 260 |
_aBoulder, Colo _bWestview Press _c1985. |
||
| 300 |
_a xii, 171 p. ; _c 24 cm |
||
| 490 | 0 | _aWestview special studies on the Middle East | |
| 500 | _a Includes index. | ||
| 504 | _a Bibliography: p. 153-162. | ||
| 650 | 0 |
_aIslam and state _zSaudi Arabia _91865 |
|
| 651 | 0 |
_aSaudi Arabia _x Politics and government _93166 |
|
| 852 |
_a British Library _bDSC |
||
| 942 |
_2ddc _cBOOK |
||